Đánh giá khả năng trả nợ vay ngân hàng của khách hàng doanh nghiệp tại thành phố Cần Thơ : Luận văn thạc sỹ kinh tế chuyên ngành tài chính ngân hàng

Mục tiêu của đề tài là thực hiện đo lường khả năng trả nợ vay ngân hàng của khách hàng doanh nghiệp của các NHTM tại TPCT và đưa ra giải pháp nhằm nâng cao năng lực quản lý rủi ro tín dụng của các NHTM tại TPCT....

Descrizione completa

Salvato in:
Dettagli Bibliografici
Autore principale: Lê, Thị Thu Diềm
Natura: Libro
Lingua:Undetermined
Pubblicazione: Cần Thơ Trường Đại học Cần Thơ 2012
Soggetti:
Tags: Aggiungi Tag
Nessun Tag, puoi essere il primo ad aggiungerne! !
Thư viện lưu trữ: Trung tâm Học liệu Trường Đại học Cần Thơ
LEADER 01198nam a2200217Ia 4500
001 CTU_173723
008 210402s9999 xx 000 0 und d
082 |a 332.1 
082 |b D304 
088 |a 60340201 
100 |a Lê, Thị Thu Diềm 
245 0 |a Đánh giá khả năng trả nợ vay ngân hàng của khách hàng doanh nghiệp tại thành phố Cần Thơ : 
245 0 |b Luận văn thạc sỹ kinh tế chuyên ngành tài chính ngân hàng 
245 0 |c Lê Thị Thu Diềm ; Lê Khương Ninh ( Hướng dẫn khoa học) 
260 |a Cần Thơ 
260 |b Trường Đại học Cần Thơ 
260 |c 2012 
520 |a Mục tiêu của đề tài là thực hiện đo lường khả năng trả nợ vay ngân hàng của khách hàng doanh nghiệp của các NHTM tại TPCT và đưa ra giải pháp nhằm nâng cao năng lực quản lý rủi ro tín dụng của các NHTM tại TPCT. 
650 |a Banks and banking,Ngân hàng và nghiệp vụ ngân hàng 
904 |i Thúy phượng,Hải 
980 |a Trung tâm Học liệu Trường Đại học Cần Thơ